Vanilla club srdce nám bije pravidelne!

Bibliographic Details
Main Authors: Bombošová, Bibiána (ain), Jellinek, Michal (Author, uin), Novák, Michal, hudobník (Author, uin)
Format: Article
Language:Slovak
PhysicalDescription:Fotogr.
ISSN:0139-7451
Subjects:

MARC

LEADER 00000nab a2200000 a 4500
001 vtls000842701
003 SK-MaSNL
005 20260302165422.0
008 040806c2003 xo 0 slo
015 |a SNBRB2003/09-23016 
035 |a CLN000194356 
040 |a SNKBUCL  |b slo  |c SNKBUCL  |e AACR2 
041 0 |a slo 
044 |a xo  |c SK 
080 |a 78.071.1/.2:784.66  |2 UDC-MRF-SK2 
080 |a 784.66  |2 UDC-MRF-SK2 
100 1 |a Bombošová, Bibiána  |4 ain  |9 858091 
245 1 0 |a Vanilla club  |b srdce nám bije pravidelne!  |c pripravila Bibiána Bombošová 
300 |b Fotogr. 
600 1 7 |a Jellinek, Michal  |2 snkbucl  |9 869974 
600 1 7 |a Novák, Michal,  |c hudobník  |2 snkbucl  |9 869975 
610 2 7 |a Vanilla Club (hudobná skupina)  |2 snkbucl  |9 35229 
655 7 |a články z novín a časopisov  |2 snkbucl  |9 267496 
700 1 |a Jellinek, Michal  |4 aut  |4 uin  |9 869974 
700 1 |a Novák, Michal,  |c hudobník  |4 aut  |4 uin  |9 869975 
773 0 |x 0139-7451  |t Eurotelevízia  |g Roč. 13, č. 36 (2003), s. 13 
850 |a Slovenská národná knižnica v Martine 
852 |a SNK  |b KIS3GCP 
999 |c 1389952  |d 1391882